000 00960nam a2200301Ia 4500
003 OSt
005 20221007124209.0
006 a|||||r|||| 00| 0
007 ta
008 221006b |||||||| |||| 00| 0 eng d
020 _a9788181476400 (pbk)
024 _a118022
037 _b2111, 13/12/2010, Educational Book Agency (India)
_cTextbook
040 _aCDL
_cCDL
_beng
041 _2eng
_aeng
082 _aE:219, P4;1-;2 Carc
100 _aHouse James E
_9717957
245 0 _aFundamentals of quantum chemistry
250 _a2
260 _aNew
_bDelhi Elsevier
_c2004
300 _axv, 291p.
_ccm.
490 _aComplementary science series
500 _aIIncludes bibliographical references.; Index 287-291p.
650 _a Quantum chemistry
650 _aChemistry
942 _hE:219, P4;1-;2 Carc
_cTB
_2CC
999 _c1213165
_d1213165